000 00852nam a2200253 a 4500
001 BRCA_7308
005 20190320205803.0
008 290512s1952----sp-a######---#000-0#spa-#
041 _aspa
044 _asp
050 4 _aPQ6323
_b.C47 1952
100 1 _aCervantes Saavedra, Miguel de
_d1547-1616
_9213
245 1 0 _aEl Ingenioso Hidalgo Don Quijote de la Mancha
_cMiguel de Cervantes Saavedra.
250 _a3
260 _aMadrid
_bCastilla
_c1952
300 _a2 v.
_bil., 61 láminas
_c7 cm.
500 _aSe encuentran en préstamo, no tienen fecha de regreso
650 1 4 _aNovela española
_yÉpoca clásica, 1500-1700
_9215
650 1 4 _aLiteratura española
_yÉpoca clásica, 1500-1700
_9216
650 1 4 _aNovela española
_ySiglo XVII
_9217
650 1 4 _aDon Quijote (personoje ficticio)
_vNovela
_918073
902 _aQAG
942 _2lcc
_cB
999 _c6984
_d6984